Statistics for "I Love You" in Different Languages

Click here to take the quiz!

General Stats

  • This quiz has been taken 29 times
  • The average score is 34 of 95

Answer Stats

I Love YouLanguage% Correct
I love youEnglish
95%
Ich liebe dichGerman
90%
Te amoLatin/Portuguese/Spanish
90%
Je t’aimeFrench
85%
Ti amoItalian
85%
Σε αγαπώ (Se agapó)Greek
80%
사랑해요 (salanghaeyo)Korean
80%
Ik houd van jeDutch
75%
我愛你 (Wǒ ài nǐ)Mandarin
75%
मैं आपसे प्यार करती हूँ
(main aapase pyaar karatee hoon)
Hindi
70%
愛してます (Aishitemasu)Japanese
70%
Я тебя люблю
(Ya tebya lyublyu)
Russian
70%
ฉันรักคุณ (C̄hạn rạk khuṇ)Thai
70%
я тебе люблю
(ya tebe lyublyu)
Ukrainian
70%
我愛你 (Ngo oiy ney a)Cantonese
65%
אני אוהב אותך (ani ohev otkha)Hebrew
65%
Kocham cięPolish
65%
Jeg elsker digDanish
60%
Ég elska þigIcelandic
60%
Jeg elsker degNorwegian
60%
jag älskar digSwedish
60%
SzeretlekHungarian
55%
ຂ້ອຍ​ຮັກ​ເຈົ້າ (khony hak chao)Lao
55%
እወድሻለሁ
(iwedishalehu)
Amharic
50%
я цябе кахаю
(ja ciabie kahaju)
Belarusian
50%
Волим те (Volim te)Bosnian/Croatian/Serbian
50%
Обичам те (Obicham te)Bulgarian
50%
Мен сені жақсы көремін
(Men seni jaqsı köremin)
Kazakh
50%
Te iubescRomanian
50%
Tôi yêu bạnVietnamese
50%
أحبك (uhibek)Arabic
45%
আমিতোমায়ভালোবাসি
(Ami tomake bhalobashi)
Bengali
45%
Ma armastan sindEstonian
45%
(dooset daram) دوستت دارمFarsi (Persian)
45%
Minä rakastan sinuaFinnish
45%
Aloha wau iā ʻoeHawaiian
45%
Ljubim teSlovenian
45%
Unë të duaAlbanian
40%
Mən səni sevirəmAzerbaijani
40%
Miluji těCzech
40%
Მიყვარხარ (Miq’varkhar)Georgian
40%
Ľúbim ťaSlovak
40%
我愛你 (góa ài li)Taiwanese
40%
Seni seviyorumTurkish
40%
Rwy'n dy garu diWelsh
40%
Is breá liom túGaelic (Irish)
35%
ខ្ញុំ​ស្រលាញ់​អ្នក
(khnhom​ sralanh​ anak)
Khmer
35%
Es mīlu TeviLatvian
35%
Aš tave myliuLithuanian
35%
Ech hunn dech gärLuxembourgish
35%
InħobbokMaltese
35%
ਮੈਂ ਤੁਹਾਨੂੰ ਪਿਆਰ ਕਰਦਾ ਹਾਂ
(Maiṁ tuhānū pi'āra karadā hāṁ)
Punjabi
35%
NakupendaSwahili
35%
Ek het jou liefAfrikaans
30%
Ես քեզ սիրում եմ
(Yes k’ez sirum yem)
Armenian
30%
မင်းကိုချစ်တယ်
(Mainnkohkyittaal)
Burmese
30%
Би чамд хайртай
(Bi chamd khairtai)
Mongolian
30%
நான் உன்னை நேசிக்கிறேன்
(Nāṉ uṉṉai nēcikkiṟēṉ)
Tamil
30%
Men sizni sevamanUzbek
30%
T'estimoCatalan
25%
ང་ཁྱོད་ལ་དགའ། (Nga cheo la ga)Tibetan
25%
Aku mencintaimuIndonesian
20%
Saya sayang awakMalay
20%
म तिमीलाई माया गर्छु
(Ma timīlā'ī māyā garchu)
Nepali
20%
(zaa sta are meena laram)
زه ستا سره مینه لرم
Pashto
20%
Maite zaitutBasque
15%
A hụrụ m gị n'anyaIgbo
15%
Oute alofa ia oeSamoan
15%
Oku ou 'ofa au 'ia koeTongan
15%
Gihigugma tikaCebuano
10%
Ti tengu caruCorsican
10%
Mwen renmen ouHaitian Creole
10%
Ez hej te dikimKurdish
10%
Aroha ana ahau ki a koeMaori
10%
Nimitztlazohtla NimitznequiNahuatl
10%
Ayóó'ánííníshníNavajo
10%
Ke a go rataSepedi
10%
Mahal kitaTagalog/Filipino
10%
NdiyakuthandaXhosa
10%
Melɔ̃ wòEwe
5%
Au domoni ikoFijian
5%
QuéroteGalician
5%
Kuv hlub kojHmong
5%
Ay-ayaten kaIlocano
5%
Tiako ianaoMalagasy
5%
Kea u rataSesotho
5%
Uua here vau ia oeTahitian
5%
MunsmawaAymara
0%
NdimakukondaniChichewa
0%
RohayhuGuarani
0%
NdagukundaKinyarwanda
0%
Sin jaalladhaOromo
0%
KuyaykimQuechua
0%
Waan ku jeclahaySomali
0%
Ndza ku rhandzaTsonga
0%

Score Distribution

Percentile by Number Answered

Percent of People with Each Score

Your Score History

You have not taken this quiz